00650cam a2200217 a 4500001000800000005001700008008004100025010001700066020001500083040001800098041000800116080001000124082001800134100000700152101000800159245008000167906004500247942001200292999001700304952011100321161890920171215040953.0951011s1996 maua 001 0 eng  a 95075644  a0669396176 aDLCcDLCdDLC aeng a512.900a512.9 LAR2201 a36 aMAT10aCollege algebra :cRoland E. Larson, Robert P. Hostetler, Anne V. Hodgkins. a7bcbccorignewd2eopcnf19gy-gencatlg 2ddccBK c38968d38968 00102udc40708PËKGa002b002cPËKGd2017-12-15l0o512.9 LARp002-29585r2017-12-15w2017-12-15yBK